Reklama, kterou si nevybíráte

Rôzne podoby vonkajšej reklamy a jej výhody. Vonkajšia reklama v porovnaní s televíziou. Budúcosť vonkajšej reklamy v dopravných prostriedkoch. Plagáty (city lighty) na zastávkach MHD. Reklama na železničných a autobusových staniciach.

Gespeichert in:
Bibliographische Detailangaben
1. Verfasser: Cechl, Pavel
Format: Buchkapitel
Sprache:Tschechisch
Schlagworte:
Tags: Tag hinzufügen
Keine Tags, Fügen Sie das erste Tag hinzu!

MARC

LEADER 00000naa$a2200000$$$4500
001 0030315
005 20231018124614.8
041 0 |a cze 
044 |a CZ 
245 1 0 |a Reklama, kterou si nevybíráte  |c Pavel Cechl 
520 |a Rôzne podoby vonkajšej reklamy a jej výhody. Vonkajšia reklama v porovnaní s televíziou. Budúcosť vonkajšej reklamy v dopravných prostriedkoch. Plagáty (city lighty) na zastávkach MHD. Reklama na železničných a autobusových staniciach. 
610 2 0 |a reklama 
610 2 0 |a reklama vonkajšia 
610 2 0 |a podpora predaja 
610 2 0 |a komunikácia masová 
610 2 0 |a informácie 
610 2 0 |a marketing 
610 2 0 |a plán marketingový 
610 2 0 |a doprava 
610 2 0 |a televízia 
100 1 |a Cechl, Pavel